<?xml version="1.0" encoding="UTF-8"?>
<record
    xmlns:xsi="http://www.w3.org/2001/XMLSchema-instance"
    xsi:schemaLocation="http://www.loc.gov/MARC21/slim http://www.loc.gov/standards/marcxml/schema/MARC21slim.xsd"
    xmlns="http://www.loc.gov/MARC21/slim">

  <leader>01692nam a22002057a 4500</leader>
  <datafield tag="999" ind1=" " ind2=" ">
    <subfield code="c">468</subfield>
    <subfield code="d">468</subfield>
  </datafield>
  <controlfield tag="003">OSt</controlfield>
  <controlfield tag="005">20220610134902.0</controlfield>
  <controlfield tag="008">180321b        xxu||||| |||| 00| 0 spa d</controlfield>
  <datafield tag="040" ind1=" " ind2=" ">
    <subfield code="c">PJ</subfield>
  </datafield>
  <datafield tag="100" ind1=" " ind2=" ">
    <subfield code="a">Torres Gigena, Carlos  </subfield>
    <subfield code="9">601</subfield>
  </datafield>
  <datafield tag="245" ind1="1" ind2="0">
    <subfield code="a">Asilo diplom&#xE1;tico :</subfield>
    <subfield code="b">su pr&#xE1;ctica y teor&#xED;a / </subfield>
    <subfield code="c">Carlos Torres Gigena.</subfield>
  </datafield>
  <datafield tag="260" ind1=" " ind2=" ">
    <subfield code="a">Buenos Aires :</subfield>
    <subfield code="b">La Ley,</subfield>
    <subfield code="c">1960.</subfield>
  </datafield>
  <datafield tag="300" ind1=" " ind2=" ">
    <subfield code="a">482 p.</subfield>
    <subfield code="c">24 cm.</subfield>
  </datafield>
  <datafield tag="500" ind1=" " ind2=" ">
    <subfield code="a">Notas al pie de p&#xE1;gina.
</subfield>
  </datafield>
  <datafield tag="505" ind1=" " ind2=" ">
    <subfield code="a">PRIMERA PARTE
DEL ASILO EN GENERAL
Capitulo I
1. Or&#xED;genes
Capitulo II 
1. Clasificaci&#xF3;n.
SEGUNDA PARTE
DEL ASILO DIPLOMATICO 
Capitulo I
1. Historia en la instituci&#xF3;n en Europa
Capitulo II
1. Casos de asilos en que intervino la Rep&#xFA;blica Argentina.
Capitulo III
1. Opiniones jur&#xED;dicas.
Capitulo IV
1. El asilo diplom&#xE1;tico como derecho.
Capitulo V
1. Del asilado.
Capitulo VI
1. La clasificaci&#xF3;n del delito en el asilo diplom&#xE1;tico.
Capitulo VII 
1. Lugares de asilo.
Capitulo VIII
1. Obligaciones de la autoridad asilante..
Capitulo IX
1. Obligaciones del gobierno territorial.
Capitulo X
1. Terminaci&#xF3;n del asilo diplom&#xE1;tico.
Capitulo XI 
1. El asilo y el reconocimiento del gobierno de facto.
Capitulo XII
1.El asilo diplom&#xE1;tico ante organismos internacionales.
TERCERA PARTE
Capitulo XIII
1. Tratados, Convenciones y acuerdos proyectos oficiales de tratados y convenciones informes y debates en congresos internacionales controversias diplom&#xE1;ticas resoluciones de  instituciones  jur&#xED;dicas.

</subfield>
    <subfield code="r">TORRES GIGENA</subfield>
    <subfield code="t">ASILO DIPLOMATICO</subfield>
  </datafield>
  <datafield tag="650" ind1=" " ind2="0">
    <subfield code="9">495</subfield>
    <subfield code="a">DERECHO INTERNACIONAL</subfield>
  </datafield>
  <datafield tag="650" ind1=" " ind2="0">
    <subfield code="9">500</subfield>
    <subfield code="a">RELACIONES DIPLOM&#xC1;TICAS</subfield>
  </datafield>
  <datafield tag="650" ind1=" " ind2="0">
    <subfield code="9">602</subfield>
    <subfield code="a">ASILO DIPLOMATICO</subfield>
  </datafield>
  <datafield tag="942" ind1=" " ind2=" ">
    <subfield code="2">udc</subfield>
    <subfield code="c">LIB</subfield>
    <subfield code="h">341.43</subfield>
    <subfield code="i">TOR</subfield>
  </datafield>
  <datafield tag="952" ind1=" " ind2=" ">
    <subfield code="0">0</subfield>
    <subfield code="1">0</subfield>
    <subfield code="2">udc</subfield>
    <subfield code="4">0</subfield>
    <subfield code="7">0</subfield>
    <subfield code="a">DJS</subfield>
    <subfield code="b">DJS</subfield>
    <subfield code="d">2018-05-15</subfield>
    <subfield code="o">341.43 TOR</subfield>
    <subfield code="p">1895</subfield>
    <subfield code="r">2018-05-15</subfield>
    <subfield code="w">2018-05-15</subfield>
    <subfield code="y">LIB</subfield>
  </datafield>
</record>
